Guess the Annie Get Your Gun Duet Quiz Stats

 Plays Quiz not verified by Sporcle

Support Sporcle.
Go Orange.
Score 0/266 Timer 10:00
0 Plays Today
% Correct
----------an/I-----------
97%
----------an/I-----------
97%
---------an/the---------
96.2%
-----------A/------------
93.7%
------------/a-----------
93.7%
------------/a-----------
93.7%
------------/A-----------
93.7%
------------/A-----------
93.7%
------------/a-----------
93.7%
------------/a-----------
93.7%
------------/A-----------
93.7%
------------/a-----------
93.7%
------------/a-----------
93.7%
------------/a-----------
93.7%
------------/a-----------
93.7%
----blessed/A-----------
93.7%
---------I'll/A----------
93.7%
------------/a-----------
93.7%
------------/a-----------
93.7%
-Someday/A----------
93.7%
------------/a-----------
93.7%
-----------A/------------
93.7%
------------/a-----------
93.7%
------------/a-----------
93.7%
----------an/in----------
92.9%
----------an/------------
91.4%
----------an/------------
91.4%
----------an/------------
91.4%
-------We'll/I-----------
85.9%
-------We'll/I-----------
85.9%
------------/I-----------
85.4%
------------/I-----------
85.1%
------------/I-----------
85.1%
------------/I-----------
85.1%
------------/I-----------
85.1%
Somewhere/I------------
85.1%
--------and/you--------
84.1%
--------you/who--------
81.8%
--------you/------------
80.8%
------------/you--------
80.8%
---------the/in----------
77.5%
--------love/'Do--------
74.7%
---------the/------------
74.5%
------------/the---------
74.5%
------------/the---------
74.5%
------------/the---------
74.5%
------------/the---------
74.5%
------------/the---------
74.5%
------------/'Do--------
69.2%
----------to/with--------
63.4%
----------in/ring--------
63.1%
--fashioned/to----------
63.1%
----------in/------------
62.9%
----------in/------------
62.9%
------------/in----------
62.9%
------------/in----------
62.9%
----------in/ushers-----
62.9%
-------obey/Love-------
61.6%
---------for/wedding---
61.4%
--------and/at----------
61.4%
--------love/------------
61.1%
--------love/------------
61.1%
------------/love--------
61.1%
------------/Love-------
61.1%
-------love/bishop-----
61.1%
------------/love--------
61.1%
----------to/------------
60.1%
----------to/------------
60.1%
------------/to----------
60.1%
------------/to----------
60.1%
------have/wedding---
60.1%
----------to/------------
60.1%
------------/to----------
60.1%
------have/wedding---
60.1%
------have/wedding---
60.1%
------------/to----------
60.1%
--------and/------------
59.8%
--------and/------------
59.8%
--------and/------------
59.8%
------------/and--------
59.8%
------------/and--------
59.8%
------------/and--------
59.8%
------------/and--------
59.8%
------------/and--------
59.8%
------------/and--------
59.8%
------------/and--------
59.8%
------------/and--------
59.8%
------------/and--------
59.8%
------------/and--------
59.8%
% Correct
------------/and--------
59.8%
--------and/honor'-----
59.8%
------------/and--------
59.8%
------------/and--------
59.8%
------------/and--------
59.8%
------------/had,-------
59.1%
-------have/------------
58.6%
-------have/------------
58.6%
------------/have-------
58.6%
---wedding/not--------
58.1%
-------We'll/not--------
58.1%
--------old-/want-------
57.8%
--------old-/want-------
57.8%
--wedding!/all!--------
57.3%
--------old-/big---------
56.8%
--------old-/------------
56.6%
--------old-/------------
56.6%
--------old-/------------
56.6%
--------old-/------------
56.6%
--------old-/------------
56.6%
--------old-/Vanderbilts
56.6%
-fashioned/church----
56.3%
-fashioned/had,-------
56.3%
--wedding/everything
56.3%
-------We'll/------------
56.1%
---wedding/------------
56.1%
-------We'll/------------
56.1%
---wedding/------------
56.1%
---wedding/------------
56.1%
------------/wedding---
56.1%
------------/wedding---
56.1%
------------/wedding---
56.1%
------------/wedding---
56.1%
----wedding/bridesmaids
56.1%
------------/wedding---
56.1%
-------when/at----------
55.8%
-fashioned/married---
55.8%
-fashioned/------------
55.1%
-fashioned/------------
55.1%
-fashioned/------------
55.1%
-fashioned/------------
55.1%
-fashioned/------------
55.1%
------------/want-------
54.5%
------------/want-------
54.5%
------------/want-------
54.5%
------------/want-------
54.5%
------------/want-------
54.5%
------------/want-------
54.5%
------------/want-------
54.5%
------------/with--------
54.3%
------------/with--------
54.3%
------------/with--------
54.3%
------------/get---------
54.3%
------------/with--------
54.3%
--blossoms/with--------
54.3%
------------/get---------
54.3%
------------/get---------
54.3%
---------for/------------
53.3%
-----simple/If----------
53%
------------/If-----------
52.5%
----groom./all!--------
52.5%
------------/If-----------
52.5%
------------/church-----
52.3%
------------/that--------
52%
------bride/married---
52%
------------/not---------
51.5%
------------/not---------
51.5%
------------/not---------
51.5%
------------/not---------
51.5%
------------/but---------
50.5%
------------/but---------
50.5%
------------/at----------
50%
------------/don't-------
50%
------------/at----------
50%
------------/don't-------
50%
------------/don't-------
50%
------------/at----------
50%
------------/big---------
49.7%
------------/big---------
49.7%
------------/big---------
49.7%
------------/big---------
49.7%
------------/big---------
49.7%
------------/big---------
49.7%
------------/big---------
49.7%
------------/of----------
49.5%
------------/of----------
49.5%
------------/of----------
49.5%
-------bride/------------
49%
-------obey/------------
48.7%
% Correct
------------/obey!------
48.7%
------------/obey!------
48.7%
------------/all.---------
48.5%
----------I'll/------------
48%
------honor/------------
47.7%
------------/honor'-----
47.7%
------------/honor,-----
47.7%
------honor/agree------
47.7%
------------/honor,-----
47.7%
------------/like--------
47.5%
------------/like--------
47.5%
--------way/reporters--
47.2%
--------way/------------
47%
------------/who--------
47%
------------/say--------
47%
------------/say--------
47%
----groom./------------
46.7%
-------------/bridesmaids
46.5%
------------/married---
46.5%
------you'll/------------
45.7%
------you'll/------------
45.7%
------some/surrounded
45.7%
------some/------------
44.9%
------------/can't-------
44.7%
------------/will---------
44.4%
------------/will---------
44.4%
------------/flower-----
44.2%
------------/flower-----
44.2%
------------/yes,--------
43.9%
------------/yes,--------
43.9%
------------/by----------
43.4%
------------/by----------
43.4%
-------vow/ceremony-
43.2%
------when/------------
42.9%
------------/girls--------
42.9%
------------/small------
42.9%
------------/girls--------
42.9%
------------/small------
42.9%
--------vow/------------
42.4%
--------vow/------------
42.4%
--------vow/------------
42.4%
------------/Vanderbilts
42.2%
------------/everything
42.2%
------good/tailcoats---
41.9%
-------good/------------
41.2%
----chapel/diamonds-
40.9%
------------/it's---------
40.2%
------------/it's---------
40.2%
------------/ushers-----
39.9%
------------/bishop-----
39.4%
----forever/tie---------
39.4%
--------little/------------
39.1%
--------little/------------
39.1%
-----chapel/------------
38.9%
----forever/------------
38.4%
--blossoms/------------
38.4%
------------/reporters--
38.1%
-----simple/------------
37.9%
-------------/surrounded
37.9%
----blessed/------------
37.6%
Somewhere/-------------
37.6%
------------/ring--------
37.4%
------------/diamonds-
37.4%
------------/agree------
36.6%
------------/ceremony-
36.4%
------------/kind--------
36.1%
------------/tailcoats---
35.1%
------------/knot-------
33.8%
------------/knot-------
33.8%
-----bloom/------------
33.3%
------------/tie----------
33.3%
----orange/Waldorf----
33.3%
-----bloom/------------
33.3%
------------/reception--
33.1%
------------/reception--
33.1%
--------/photographers
32.8%
------------/caviar-----
32.8%
--------/photographers
32.8%
------------/caviar-----
32.8%
------------/lot----------
32.1%
------------/lot----------
32.1%
------------/Waldorf----
31.1%
-------------/champagne
31.1%
-------------/champagne
31.1%
--Someday/------------
30.8%
----orange/------------
30.1%
------------/platinum---
27.3%
------------/platinum---
27.3%

You're not logged in!

Compare scores with friends on all Sporcle quizzes.
OR
Log In

From the Vault

Religious Teddy Bears

by PrincessMartell

We can't bear any more teddy bear quizzes.
Remove Ads.
Support Sporcle.
Get the best of Sporcle when you Go Orange. This ad-free experience offers more features, more stats, and more fun while also helping to support Sporcle. Thank you for becoming a member.

Show Comments

Extras

Top Quizzes Today


Score Distribution

Your Account Isn't Verified!

In order to create a playlist on Sporcle, you need to verify the email address you used during registration. Go to your Sporcle Settings to finish the process.

Report this User

Report this user for behavior that violates our Community Guidelines.

Details: